| Tag |
First Indicator |
Second Indicator |
Subfields |
| LEADER |
00000cam a2200000 4500 |
| 001 |
in00003809921 |
| 005 |
20190415185155.0 |
| 006 |
m o d |
| 007 |
cr |n||||||||n |
| 008 |
880212s1709 enk|||| o 00||||eng c |
| 035 |
|
|
|a (CU-RivES)T176368
|
| 035 |
|
|
|a (Uk-ES)006271151
|
| 035 |
|
|
|a (OCoLC)509240578
|
| 040 |
|
|
|a Uk-ES
|c Uk-ES
|d CU-RivES
|d CStRLIN
|d CU-RivES
|d Cengage Gale
|d UtOrBLW
|
| 100 |
1 |
|
|a Chandler, Edward,
|d 1668?-1750.
|0 http://id.loc.gov/authorities/names/n85099778
|
| 245 |
1 |
2 |
|a A sermon preach'd at the Cathedral Church of Worcester :
|b On the twenty-second day of November, being the day appointed for a general thanksgiving for the glorious campaign of the arms of Her Majesty and Her armies the last summer, particularly the signal victory at Blaregnies under the command of the Duke of Marlborough &c. By E. Chaundler, D.D. canon of the said church. Publish'd at the request of the mayor, aldermen, sheriff, Common Council, and gentlemen of the city.
|
| 264 |
|
3 |
|a Worcester :
|b Printed by S. Bryan for S. Mountfort in the High-Street,
|c 1709.
|
| 300 |
|
|
|a 1 online resource (4 unnumbered pages, 28 pages)
|
| 336 |
|
|
|a text
|b txt
|2 rdacontent
|
| 337 |
|
|
|a computer
|b c
|2 rdamedia
|
| 338 |
|
|
|a online resource
|b cr
|2 rdacarrier
|
| 510 |
4 |
|
|a English Short Title Catalog,
|c T176368.
|
| 500 |
|
|
|a Reproduction of original from Bodleian Library (Oxford).
|
| 500 |
|
|
|a Electronic resource.
|
| 650 |
|
0 |
|a Gunpowder Plot, 1605
|v Sermons.
|
| 655 |
|
7 |
|a Electronic books.
|2 local
|
| 710 |
2 |
|
|a Gale (Firm)
|0 http://id.loc.gov/authorities/names/no2008071348
|
| 752 |
|
|
|a Great Britain
|b England
|d Worcester.
|
| 856 |
4 |
0 |
|u http://proxy.library.tamu.edu/login?url=http://find.galegroup.com/ecco/infomark.do?contentSet=ECCOArticles&docType=ECCOArticles&bookId=1600002300&type=getFullCitation&tabID=T001&prodId=ECCO&docLevel=TEXT_GRAPHICS&version=1.0&source=library&userGroupName=txshracd2898
|z Connect to the full text of this electronic book
|t 0
|
| 999 |
f |
f |
|s db31e9a9-7261-3557-8659-88e6f9f73b66
|i 647aaee9-441a-3bf9-92cc-27b247f98cb2
|t 0
|
| 952 |
f |
f |
|a Texas A&M University
|b College Station
|c Electronic Resources
|d Available Online
|t 0
|h No information provided
|
| 998 |
f |
f |
|t 0
|l Available Online
|